| 000 | 00794nam a2200265Ia 4500 | ||
|---|---|---|---|
| 003 | OSt | ||
| 005 | 20220924115342.0 | ||
| 006 | a|||||r|||| 00| 0 | ||
| 007 | ta | ||
| 008 | 220923b |||||||| |||| 00| 0 urd d | ||
| 020 | _a9789381029428 (hbk) | ||
| 020 | _cINR 200.00 | ||
| 024 | _a352242 | ||
| 037 |
_b2410, 03/03/2020, M.R. Publications _cTextual |
||
| 040 |
_aARTS _cARTS _burd |
||
| 041 |
_2urd _aurd |
||
| 082 | _aO168,1N301x, Q7 | ||
| 100 |
_aAkram Khurshid Au. _9177918 |
||
| 245 | 0 | _aKulliyat-e-Raj Narain Raz | |
| 260 |
_aDelhi _bArshia publications India _c2017 |
||
| 300 |
_a192p. _ccm. |
||
| 650 | _aURDU POETRY | ||
| 942 |
_hO168,1N301x, Q7 _cTEXL _2CC |
||
| 999 |
_c397967 _d397967 |
||